<?xml version="1.0" encoding="UTF-8"?>
<collection xmlns="http://www.loc.gov/MARC21/slim">
<record>
  <controlfield tag="001">2285</controlfield>
  <controlfield tag="005">20160701171702.0</controlfield>
  <datafield tag="024" ind1="7" ind2=" ">
    <subfield code="a">10.1007/s10509-009-0219-z</subfield>
    <subfield code="2">DOI</subfield>
  </datafield>
  <datafield tag="037" ind1=" " ind2=" ">
    <subfield code="a">ASTROimport-442</subfield>
  </datafield>
  <datafield tag="100" ind1=" " ind2=" ">
    <subfield code="a">Maisonneuve, F.</subfield>
  </datafield>
  <datafield tag="260" ind1=" " ind2=" ">
    <subfield code="c">2010</subfield>
  </datafield>
  <datafield tag="245" ind1=" " ind2=" ">
    <subfield code="a">Spectroscopic mode identification of main-sequence non-radially pulsating stars</subfield>
  </datafield>
  <datafield tag="520" ind1=" " ind2=" ">
    <subfield code="a">We are undertaking an extensive observational campaign of a number of non-radially pulsating stars using the high-resolution HERCULES spectrograph on the 1.0-m telescope at the Mt John University Observatory. This is part of a large world-wide multi-site campaign to improve mode-identification techniques in non-radially pulsating stars, particularly for g-mode pulsators. This paper outlines our campaign and presents preliminary results for one γ Doradus star, HD 40745, and one β Cephei star, HD 61068. We have used a representative cross-correlation line-profile technique presented by Wright in 2008 to extract line profiles and these have then been analyzed using the FAMIAS package due to Zima published in 2006 to derive a spectroscopic mode identification. </subfield>
  </datafield>
  <datafield tag="700" ind1=" " ind2=" ">
    <subfield code="a"> Pollard, K. R.</subfield>
  </datafield>
  <datafield tag="700" ind1=" " ind2=" ">
    <subfield code="a"> Cottrell, P. L.</subfield>
  </datafield>
  <datafield tag="700" ind1=" " ind2=" ">
    <subfield code="a"> Kilmartin, P. M.</subfield>
  </datafield>
  <datafield tag="700" ind1=" " ind2=" ">
    <subfield code="a"> Wright, D. J.</subfield>
  </datafield>
  <datafield tag="700" ind1=" " ind2=" ">
    <subfield code="a"> De Cat, P.</subfield>
  </datafield>
  <datafield tag="773" ind1=" " ind2=" ">
    <subfield code="p">Astrophysics and Space Science</subfield>
    <subfield code="v">328</subfield>
    <subfield code="i">1-2</subfield>
    <subfield code="y">2010</subfield>
    <subfield code="c">105-108</subfield>
  </datafield>
  <datafield tag="856" ind1="4" ind2="2">
    <subfield code="a">http://esoads.eso.org/abs/2010Ap%26SS.328..105M</subfield>
  </datafield>
  <datafield tag="905" ind1=" " ind2=" ">
    <subfield code="a">published in</subfield>
  </datafield>
  <datafield tag="980" ind1=" " ind2=" ">
    <subfield code="a">REFERD</subfield>
  </datafield>
</record>
</collection>